| 000 | 00940nam a2200337 4500 | ||
|---|---|---|---|
| 001 | 360455 | ||
| 003 | DO-SdBNP | ||
| 005 | 20180221090454.0 | ||
| 007 | 360455 | ||
| 008 | 921214s1990 sp | |||| ||spa d | ||
| 016 | 7 |
_a _z _2BPMSU |
|
| 017 |
_a _b |
||
| 020 | _a8434829118 | ||
| 035 | _a | ||
| 040 |
_aBPMSU _bspa _cBPMSU |
||
| 041 | 1 |
_aspa _h |
|
| 080 | 4 | _a | |
| 100 | 1 |
_aLobe, Mira _d1913- |
|
| 240 | 1 | 4 |
_aDie Zauberschleife _lespañol |
| 245 | 1 | 3 |
_aEl lazo rojo / _cMira Lobe ; ilustraciones de Carmen Lucini _h |
| 260 |
_aMadrid : _bSM, _c1989 |
||
| 300 |
_a71 p.; _bil.: _c20 cm, |
||
| 490 | 1 |
_aEl barco de vapor _v185 _aSerie blanca |
|
| 500 | 4 | _aTraducción de: Die Zauberscheleife | |
| 700 | 1 |
_aLucini, Carmen _3il. |
|
| 830 | 3 |
_aEl barco de vapor _v185 |
|
| 830 | 3 |
_aEl barco de vapor. _pSerie blanca |
|
| 942 |
_2ddc _cBK |
||
| 945 | _ainventariado, 2018 / dg | ||
| 956 |
_aVMATEO _210 _320151126 _6BPSMU _800151 |
||
| 999 |
_c8932 _d8932 |
||